| 000 | 00854nam a22002417a 4500 | ||
|---|---|---|---|
| 003 | OSt | ||
| 005 | 20130605130828.0 | ||
| 008 | 130605s1995 sp ||||| |||| 00| 0 cat d | ||
| 020 | _a8460518868 | ||
| 040 | _cCDMR | ||
| 100 | 1 |
_93695 _aPuig i Tàrrech, Roser |
|
| 245 |
_aLa premsa i la història a la Conca de Barberà, 1889-1939 _cRoser Puig i Tèrrech, Josep M.T. Grau i Pujol, Jaume Felip i Sànchez |
||
| 260 |
_aTarragona _bHemeroteca Caixa Tarragona _c1995 |
||
| 300 | _a261 p. | ||
| 490 |
_aHistòria _v5 |
||
| 500 | _aA la coberta: Centre d'Estudis de la Conca de Barberà, Caixa Tarragona | ||
| 650 | 0 | 4 |
_91524 _aPremsa _xHistòria _zCatalunya |
| 650 | 0 | 4 |
_93698 _aPremsa _zTarragona _y1889-1939 |
| 650 | 0 | 4 |
_93166 _aCatalunya _xHistòria |
| 700 | 1 |
_93696 _aGrau i Pujol, Josep M.T. |
|
| 700 | 1 |
_93697 _aFelip i Sànchez, Jaume |
|
| 942 |
_2udc _cMON |
||
| 999 |
_c6413 _d6413 |
||